I Hope - Gabby Barrett - All Lyrics - Statistics

General Stats
  • This quiz has been taken 30 times
  • The average score is 413 of 471
Answer Stats
Answer % Correct
hope
100%
I,
100%
I
100%
Oh
100%
you
100%
That
96%
that
96%
a
91%
by
91%
cheats
91%
did
91%
end
91%
free
91%
hear
91%
her
91%
Like
91%
me
91%
night
91%
of
91%
on
91%
one
91%
she
91%
The
91%
the
91%
your
91%
all
87%
and
87%
And
87%
feel
87%
friend
87%
hand
87%
happy
87%
In
87%
in
87%
just
87%
know
87%
made
87%
makes
87%
she's
87%
She's
87%
Then
87%
then
87%
way
87%
about
83%
along
83%
'bout
83%
ever
83%
every
83%
last
83%
middle
83%
other
83%
phone
83%
plans
83%
put
83%
rock
83%
sing
83%
smile
83%
so
83%
song
83%
spend
83%
Tell
83%
thinking
83%
to
83%
yeah
83%
Yeah,
83%
alone
78%
alone,
78%
AM
78%
babe,
78%
baby,
78%
blur,
78%
comes
78%
date
78%
dime
78%
driving
78%
first
78%
friends
78%
from
78%
highway
78%
into
78%
it
78%
same
78%
than
78%
turn
78%
up
78%
wrecks
78%
you're
78%
2
74%
again
74%
both
74%
dreams
74%
drive
74%
everything
74%
felt
74%
for
74%
gets
74%
gonna
74%
guy
74%
Hanging
74%
miles
74%
more
74%
need
74%
never
74%
now
74%
out
74%
pic
74%
right
74%
shows
74%
sparks
74%
wilder
74%
wildest
74%
work
74%
calls
70%
Forgive
70%
him
70%
kiss
70%
lean
70%
take
70%
when
70%
forget
65%
goes
65%
around
61%
several
61%
stay
61%
waitin'
57%
ain't
39%
what
26%
No matching quizzes found
Score Distribution
Percent of People with Each Score
Percentile by Number Answered
Your Score History
You have not taken this quiz